| 000 | 00777nam a2200277Ia 4500 | ||
|---|---|---|---|
| 003 | OSt | ||
| 005 | 20221007123458.0 | ||
| 006 | a|||||r|||| 00| 0 | ||
| 007 | ta | ||
| 008 | 221006b |||||||| |||| 00| 0 eng d | ||
| 020 | _a0534394493 (pbk) | ||
| 024 | _a1729 | ||
| 037 | _cTextual | ||
| 040 |
_aPAPL _cPAPL _beng |
||
| 041 |
_2eng _aeng |
||
| 082 | _aB93, P3 Carpa | ||
| 100 |
_aSeeds Michael A _9717280 |
||
| 245 | 0 | _aSolar system | |
| 250 | _aEd. 3 | ||
| 260 |
_aAustralia _bBrooks/Cole _c2003 |
||
| 300 |
_axx, 659p. Includes CD-ROM _ccm. |
||
| 500 | _aAppendix A-B, 613-637p.; Glossary 638-645p.; Index 651-659p. | ||
| 650 | _aSolar system | ||
| 942 |
_hB93, P3 Carpa _cTEXL _2CC |
||
| 999 |
_c1211955 _d1211955 |
||